Sąsiedzi Rosji - Statystyki

Ogólne statystyki
  • Ten quiz został rozwiązany 101 razy
    99 od ostatniego zresetowania
  • Średni wynik to 13 z 14
Statystyki odpowiedzi
Sąsiad: Kontynent Państwa: Długość Granicy: Państwo: % Poprawnych
4 Europa 1576 km Ukraina
99%
6 Europa 959 km Białoruś
98%
5 Europa 1313 km Finlandia
98%
1 Europa/Azja 6846 km Kazachstan
98%
10 Europa 227 km Litwa
96%
8 Europa 292 km Łotwa
96%
11 Europa 210 km Polska
96%
2 Azja 3441 km Mongolia
95%
3 Azja 3645 km Chiny
94%
9 Europa 290 km Estonia
94%
7 Europa/Azja 723 km Gruzja
86%
12 Europa/Azja 284 km Azerbejdżan
79%
14 Azja 17 km 500 m Korea Północna
79%
13 Europa 196 km Norwegia
65%
Nie znaleziono quizów pasujących do podanych kryteriów
Rozkład punktacji
Procent ludzi z każdym wynikiem
Percentyl według liczby udzielonych odpowiedzi
Twoja historia wyników
Nie rozwiązałeś tego quizu od ostatniego zresetowania